000 00326nam a2200133Ia 4500
008 191206s9999 xx 000 0 und d
020 _a9.78178E+12
090 _aMLCS00628(P)
245 0 _aLaughing now
260 _aWeaver Press
260 _cc2007
300 _a"x i, 110 p. ; 21 cm."
999 _c16336
_d16336